000 00801nam a2200193Ia 4500
999 _c2739
_d2739
003 DO-SdBJH
005 20180417030223.0
008 180414s9999 dr 000 0 spa d
040 _aDO-SdBJH
_bspa
_cDO-SdBJH
090 _aDM FM 100-20 2003
110 _aInstituto de Cooperación para la Seguridad Hemisférica
245 1 0 _aOperaciones de estabilización y operaciones de apoyo / Instituto de Cooperación para la Seguridad Hemisférica
260 _aFuerte Benning, Georgia : Cuartel General Secretaría del Ejército, 2003
300 _avii, 151 páginas en varias paginaciones
490 _aFormularios militares FM 3-07 (FM100-20)
504 _aIncluye apéndice, glosario,bibliografía e índice
650 4 _aOperaciones de estabilización -- Operaciones de apoyo
942 _2ddc
_cBK